Multiple choice questions in mathematics for engineering: advanced GNVQ (Record no. 78675)
[ view plain ]
| 000 -LEADER | |
|---|---|
| fixed length control field | 00933nam a2200193 a 4500 |
| 008 - FIXED-LENGTH DATA ELEMENTS--GENERAL INFORMATION | |
| fixed length control field | 120416s1996 ||||||||||||||||| || u |
| 020 ## - INTERNATIONAL STANDARD BOOK NUMBER | |
| International Standard Book Number | 0750626666 |
| 050 ## - LIBRARY OF CONGRESS CALL NUMBER | |
| Classification number | TA 330 Bir |
| 100 ## - MAIN ENTRY--PERSONAL NAME | |
| Personal name | Bird, J. O |
| 245 10 - TITLE STATEMENT | |
| Title | Multiple choice questions in mathematics for engineering: advanced GNVQ |
| 260 ## - PUBLICATION, DISTRIBUTION, ETC. | |
| Place of publication, distribution, etc. | Oxford: |
| Name of publisher, distributor, etc. | Butterworth-Heinemann |
| Date of publication, distribution, etc. | 1996 |
| 300 ## - PHYSICAL DESCRIPTION | |
| Extent | xx, 41p. : ill |
| 350 ## - | |
| -- | 0.00 |
| 650 #0 - SUBJECT ADDED ENTRY--TOPICAL TERM | |
| Topical term or geographic name entry element | ENGINEERING MATHEMATICS |
| 650 ## - SUBJECT ADDED ENTRY--TOPICAL TERM | |
| Topical term or geographic name entry element | ENGINEERING |
| 995 ## - | |
| -- | ANNEX COLLECTION (Main Library) |
| -- | 0.00 |
| -- | 731978 |
| -- | CBU-MAIN LIBRARY (Kitwe) |
| -- | 3 |
| -- | 22.95 |
| -- | TA 330 Bir |
| -- | 3 |
| -- | AVAILABLE |
| -- | 029423 |
| -- | Annex Low-Usage Collection |
| 995 ## - | |
| -- | ANNEX COLLECTION (Main Library) |
| -- | 0.00 |
| -- | 731976 |
| -- | CBU-MAIN LIBRARY (Kitwe) |
| -- | 2 |
| -- | 22.95 |
| -- | TA 330 Bir |
| -- | 2 |
| -- | AVAILABLE |
| -- | 029425 |
| -- | Annex Low-Usage Collection |
| 995 ## - | |
| -- | ANNEX COLLECTION (Main Library) |
| -- | 0.00 |
| -- | 731977 |
| -- | CBU-MAIN LIBRARY (Kitwe) |
| -- | 1 |
| -- | 22.95 |
| -- | TA 330 Bir |
| -- | 1 |
| -- | AVAILABLE |
| -- | 029424 |
| -- | Annex Low-Usage Collection |
| 999 ## - | |
| -- | 78675 |
| -- | 78675 |
| Withdrawn status | Lost status | Source of classification or shelving scheme | Damaged status | Not for loan | Permanent Location | Current Location | Shelving location | Date acquired | Total Checkouts | Full call number | Barcode | Date last seen | Copy number | Price effective from | Koha item type |
|---|---|---|---|---|---|---|---|---|---|---|---|---|---|---|---|
| CBU-MAIN LIBRARY, KITWE. | CBU-MAIN LIBRARY, KITWE. | 06/06/2023 | TA 330 Bir | 029423 | 06/06/2023 | 1 | 06/06/2023 | MONOGRAPH | |||||||
| CBU-MAIN LIBRARY, KITWE. | CBU-MAIN LIBRARY, KITWE. | 06/06/2023 | TA 330 Bir | 029425 | 06/06/2023 | 2 | 06/06/2023 | MONOGRAPH | |||||||
| CBU-MAIN LIBRARY, KITWE. | CBU-MAIN LIBRARY, KITWE. | 06/06/2023 | TA 330 Bir | 029424 | 06/06/2023 | 3 | 06/06/2023 | MONOGRAPH |